000 02544nam a2200241Ia 4500
999 _c53491
_d53491
001 20537
003 GE_BSU
005 20210117235615.0
008 181216s2015||||ge |||||||||||||| ||geo||
040 _cGE_BSU
041 _ageo
080 _a378 უ-47
245 _aუნივერსიტეტის სტრატეგიული განვითარების,დაგეგმვისა და ინსტიტუციური კვლევის ერთეული დანიშნულება და მნიშვნელობა /
_cპროექტის დირექტორი : მანანა მიქაბერიძე ; კოორდიანატორი დიანა ლეჟავა და სხვ.
_h
250 _aსოციალურ მეცნიერებათა ცენტრი
264 _aთბილისი :
_bსოციალურ მეცნიერებათა ცენტრი,
_c2015.
300 _a44 გვ. ;
_c20 სმ.
520 _aს პუბლიკაცია მომზადებულია სოციალურ მეცნიერებათა ცენტრის პროექტის, თბილისის სახელმწიფო უნივერსიტეტის მენეჯმენტის ერთიანი საინფორმაციო ჩარჩოს მომზადება და სტრატეგიული განვითარების დეპარტამენტის დაფუძნების ხელშეწყობა, ფონდი ,,ღია საზოგადოება-საქართველო"-ს მხარდაჭერით, უმაღლესი განათლების პროგრამის ფარგლებში
653 _aუმაღლესი განათლება
653 _aუნივერსიტეტის სტრატეგიული განვითარების, დაგეგმვისა და ინსტიტუციური კვლევის ერთეული დანიშნულება და მნიშვნელობა
700 _a მიქაბერიძე, მანანა
_eპროექტის დირექტორი
_910054
700 _aლეჟავა, დიანა
_eკოორდიანატორი
_910055
942 _cBK
_2udc